000 005670000a22001810004500
003 MACL
005 20160518130300.0
008 160518b xxu||||| |||| 00| 0 eng d
040 _aMACL
_cMACL
041 _aHindi
082 _a891.433
100 _aवशिष्‍ठ, सुदर्शन
_957810
245 _aपहाड देखता है
_cसुदर्शन वशिष्‍ठ
260 _bआधार प्रकाशन
_c1995
_aपंचकूला
350 _a50
650 _aStories
_957898
942 _cHIN
_k891.433/VAS/S
_2ddc
999 _c19661
_d19661